000 01191nam a22003377a 4500
003 CHAP
005 20250613112301.0
008 971013s1982 r 00010 d
010 _a70480
011 _a71452
035 _a81006
040 _cCHAP
090 _aTesis
100 0 0 _aCalderón Acosta, Arturo.
_917365
245 _aControl químico del piojo harinoso de la piña Dysmicoccus brevipes (Ckll.) en la Cuenca baja del Papaloapan
260 _aChapingo, Méx. :
_bEl autor,
_c1982
300 _a64 h.
502 _aTesis (Ing. Agr. Esp. en Parasitología Agrícola) -- UACH. Departamento de Parasitología Agrícola
590 _aALEPH
_b10
_c20130110
_lUCH01
_h1410
590 _aBATCH-UPD
_b10
_c20130110
_lUCH01
_h2232
590 _aBATCH-UPD
_b10
_c20130410
_lUCH01
_h1527
590 _aBATCH-UPD
_b10
_c20130914
_lUCH01
_h0816
590 _aCONVERSION
_b10
_c20130109
_lUCH01
_h1339
650 1 4 _aDysmicoccus brevipes.
_934820
650 1 7 _aPiña (Ananas comosus)
_xVeracruz
_2
_988428
901 _aBK
942 _cFOLL
949 _bBC
_cTES
_d-34118
_eTS1
_i81006
_si
949 _bBC
_cTES
_d-34119
_eTS2
_fc.2
_i81006
_si
949 _bBC
_cTES
_d-34120
_eTS2
_fc.3
_h21651
_i81006
_si
999 _c70480
_d70480